[Event "2. Hrvatska liga zapad 2017."]
[Site "Pula, Gospić, Rijeka"]
[Date "2017.03.25"]
[Round "1.1"]
[White "Krsnik Cohar, Ivan Vihor"]
[Black "Muskardin, Mario"]
[Result "1/2-1/2"]
[WhiteElo "2318"]
[BlackElo "2230"]
[PlyCount "58"]
[EventDate "2017.03.25"]

1. e4 c5 2. g3 d5 3. exd5 Qxd5 4. Nf3 Bg4 5. Bg2 Nc6 6. O-O Qh5 7. c3 O-O-O 8.
Qe2 g6 9. Na3 Rd5 10. Qc4 Bxf3 11. g4 Rg5 12. Bxf3 Ne5 13. Qxc5+ Kd8 14. Qa5+
Ke8 15. Qa4+ Kd8 16. Qd4+ Ke8 17. Qa4+ Kd8 18. Qa5+ Ke8 19. Qb5+ Kd8 20. Kh1
Nxg4 21. Bxg4 Qxg4 22. Qxb7 Qe2 23. Qb8+ Kd7 24. Qxa7+ Kc8 25. Qa8+ Kc7 26. Rg1
Rxg1+ 27. Kxg1 Qd1+ 28. Kg2 Qg4+ 29. Kf1 Qd1+ 1/2-1/2

[Event "2. Hrvatska liga zapad 2017."]
[Site "Pula, Gospić, Rijeka"]
[Date "2017.03.25"]
[Round "1.1"]
[White "Tomic, Boris"]
[Black "Medancic, Rikard"]
[Result "1/2-1/2"]
[WhiteElo "2114"]
[BlackElo "2225"]
[PlyCount "58"]
[EventDate "2017.03.25"]

1. d4 Nf6 2. Nf3 g6 3. Bf4 Bg7 4. e3 O-O 5. h3 d6 6. Bd3 Nbd7 7. O-O Re8 8. Bh2
b6 9. Nbd2 Bb7 10. c3 e5 11. dxe5 dxe5 12. Bc4 a6 13. a4 e4 14. Nd4 c5 15. Ne2
Ne5 16. Bxe5 Rxe5 17. Qb3 Qc7 18. Rfd1 Rd8 19. Ng3 h5 20. Ndf1 Bd5 21. Nd2 Bb7
22. Ndf1 Re7 23. Rxd8+ Qxd8 24. Rd1 Qc7 25. Nd2 Bh6 26. Ngf1 Kg7 27. Be2 Rd7
28. Nc4 Rxd1 29. Qxd1 Bc6 1/2-1/2

[Event "2. Hrvatska liga zapad 2017."]
[Site "Pula, Gospić, Rijeka"]
[Date "2017.03.25"]
[Round "1.1"]
[White "Fucak, Emilio Milko"]
[Black "Tirkajla, Boris"]
[Result "1-0"]
[WhiteElo "2184"]
[BlackElo "2069"]
[PlyCount "79"]
[EventDate "2017.03.25"]

1. e4 Nf6 2. e5 Nd5 3. Bc4 c6 4. Qf3 e6 5. d4 d6 6. Qg3 dxe5 7. dxe5 Nd7 8. Nf3
Qc7 9. Nbd2 f5 10. exf6 Qxg3 11. f7+ Kxf7 12. hxg3 N7f6 13. Ne5+ Ke8 14. g4 Bd6
15. Ndf3 Ne7 16. Bd3 Nd7 17. Nxd7 Bxd7 18. Bg5 h6 19. O-O-O Rf8 20. Be3 Nd5 21.
Bd4 Rf4 22. Bxg7 Rxg4 23. Be5 Bf8 24. Bg3 Bg7 25. Ne5 Rxg3 26. fxg3 Bxe5 27.
Rxh6 Ke7 28. Rh7+ Kd8 29. c4 Nb6 30. g4 Kc7 31. Kc2 Rg8 32. Be2 c5 33. b3 a5
34. Bf3 Bd4 35. Rdh1 Nc8 36. R1h6 e5 37. Bxb7 Nd6 38. Bd5 Rxg4 39. Rxd7+ Kxd7
40. Be6+ 1-0

[Event "2. Hrvatska liga zapad 2017."]
[Site "Pula, Gospić, Rijeka"]
[Date "2017.03.25"]
[Round "1.1"]
[White "Okrugic, Tomislav"]
[Black "Podobnik, Marijan"]
[Result "0-1"]
[WhiteElo "1915"]
[BlackElo "2147"]
[PlyCount "82"]
[EventDate "2017.03.25"]

1. e4 Nf6 2. Nc3 d5 3. exd5 Nxd5 4. Bc4 Nb6 5. Bb3 Nc6 6. d3 Bf5 7. Nf3 e6 8.
Bf4 Be7 9. Qd2 a6 10. a3 Bf6 11. Bg5 Bxg5 12. Nxg5 Nd4 13. Nge4 Nxb3 14. cxb3
O-O 15. Rd1 Qd4 16. Qe3 Rfd8 17. Ke2 Qxe3+ 18. Kxe3 Nd5+ 19. Nxd5 Rxd5 20. Rc1
Rad8 21. Rhd1 Bxe4 22. Kxe4 c6 23. Rc4 f5+ 24. Ke3 e5 25. f3 Kf7 26. Rd2 Kf6
27. g3 g5 28. f4 gxf4+ 29. gxf4 e4 30. d4 Rg8 31. Rc1 Rg4 32. Rc5 Ke6 33. b4
Rh4 34. Rg2 Rh3+ 35. Ke2 Rxc5 36. dxc5 Kd5 37. Kd2 Kd4 38. Ke1 Ke3 39. a4 Kxf4
40. b5 axb5 41. axb5 cxb5 0-1

[Event "2. Hrvatska liga zapad 2017."]
[Site "Pula, Gospić, Rijeka"]
[Date "2017.03.25"]
[Round "1.1"]
[White "Cvitan, Ena"]
[Black "Grego, Ludvig"]
[Result "1-0"]
[WhiteElo "2029"]
[BlackElo "1921"]
[PlyCount "83"]
[EventDate "2017.03.25"]

1. d4 Nf6 2. c4 g6 3. Nc3 d5 4. Nf3 Bg7 5. e3 O-O 6. Be2 c5 7. O-O cxd4 8. exd4
Nc6 9. h3 b6 10. Be3 Bb7 11. Rc1 dxc4 12. Bxc4 Rc8 13. Be2 e6 14. Qa4 Qe7 15.
Rfe1 Rfd8 16. a3 h6 17. Bb5 a6 18. Bxc6 Rxc6 19. d5 b5 20. Qa5 Nxd5 21. Nxd5
Rxd5 22. Rxc6 Bxc6 23. Qxa6 Qd7 24. Qa5 Rd1 25. Qb4 Kh7 26. Rxd1 Qxd1+ 27. Kh2
Bxf3 28. gxf3 Qd5 29. Kg2 h5 30. b3 Bh6 31. Bxh6 Kxh6 32. Qf8+ Kh7 33. Qxf7+
Kh6 34. Qf4+ Kg7 35. Qe3 Kf6 36. Qc3+ e5 37. a4 Ke6 38. a5 e4 39. Qe3 Kd7 40.
fxe4 Qb7 41. Qd4+ Ke6 42. Qb6+ 1-0

[Event "2. Hrvatska liga zapad 2017."]
[Site "Pula, Gospić, Rijeka"]
[Date "2017.03.25"]
[Round "1.1"]
[White "Petrovic, Neven"]
[Black "Krsovnik, Emil"]
[Result "0-1"]
[WhiteElo "1926"]
[BlackElo "2058"]
[PlyCount "80"]
[EventDate "2017.03.25"]

1. e4 e5 2. Nf3 Nc6 3. Bc4 Nf6 4. d3 Be7 5. O-O O-O 6. c3 d5 7. exd5 Nxd5 8.
Re1 Bf6 9. Bb3 Bf5 10. Bc2 h6 11. Be3 Bg4 12. Nbd2 Nxe3 13. fxe3 Bh4 14. Rf1 f5
15. Bb3+ Kh7 16. Qc2 Bg5 17. Rae1 Qe7 18. Bd5 Nd8 19. Nxg5+ Qxg5 20. Bf3 Bxf3
21. Nxf3 Qe7 22. Qb3 c6 23. e4 f4 24. d4 Nf7 25. dxe5 Nxe5 26. Nxe5 Qxe5 27.
Qxb7 Qc5+ 28. Kh1 Rab8 29. Qd7 Rxb2 30. e5 f3 31. Qd3+ Kg8 32. gxf3 Re8 33. f4
Rxa2 34. Qd4 Qa3 35. Rb1 Rc2 36. Qd7 Qe7 37. Qxc6 Qh4 38. Qxe8+ Kh7 39. Qg6+
Kxg6 40. Rg1+ Kf5 0-1

[Event "2. Hrvatska liga zapad 2017."]
[Site "Pula, Gospić, Rijeka"]
[Date "2017.03.25"]
[Round "1.2"]
[White "Ramesa, Davor"]
[Black "Grbac, Boris"]
[Result "1-0"]
[WhiteElo "2289"]
[BlackElo "2156"]
[PlyCount "81"]
[EventDate "2017.03.25"]

1. Nf3 g6 2. c4 Bg7 3. Nc3 d6 4. d4 Nc6 5. d5 Ne5 6. Nxe5 Bxe5 7. e4 f5 8. exf5
Bxf5 9. Be2 c5 10. dxc6 bxc6 11. O-O Qc7 12. Bf3 Rb8 13. Qe2 Nf6 14. Bh6 Ng8
15. Bg5 h6 16. Bh4 Nf6 17. Bg3 Bxg3 18. hxg3 O-O 19. b3 Rbd8 20. Rfe1 h5 21.
Rad1 Qb6 22. Na4 Qc7 23. Qe3 Rf7 24. Nc3 Rdf8 25. Ne2 e5 26. Nc3 e4 27. Be2 Kh7
28. Rd2 Bg4 29. Qd4 d5 30. cxd5 cxd5 31. Bxg4 Nxg4 32. Nxd5 Qa5 33. b4 Qa3 34.
Nf4 e3 35. fxe3 Re8 36. Qd3 Qxd3 37. Rxd3 Rfe7 38. Nd5 Re5 39. Rc1 Kh6 40. Rcc3
Rd8 41. Nf6 1-0

[Event "2. Hrvatska liga zapad 2017."]
[Site "Pula, Gospić, Rijeka"]
[Date "2017.03.25"]
[Round "1.2"]
[White "Ghersinich, Enrico"]
[Black "Tomulic, Teo"]
[Result "0-1"]
[WhiteElo "2053"]
[BlackElo "2249"]
[PlyCount "136"]
[EventDate "2017.03.25"]

1. e4 c6 2. d4 d5 3. f3 e5 4. Nc3 dxe4 5. dxe5 Qa5 6. fxe4 Be6 7. Nf3 Nd7 8.
Bd3 Nxe5 9. Nxe5 Qxe5 10. O-O Nf6 11. Bf4 Qd4+ 12. Kh1 Bc5 13. Qf3 Ng4 14. Ne2
Nf2+ 15. Kg1 Qxb2 16. Be3 Bxe3 17. Qxe3 Ng4 18. Qg3 Qe5 19. Nf4 O-O 20. a4 Rae8
21. h3 Nf6 22. Qf2 c5 23. Rfe1 c4 24. Bf1 Nxe4 25. Nxe6 Rxe6 26. Qxa7 Qc3 27.
Qxb7 Qd4+ 28. Kh2 Qe5+ 29. Kg1 Qd4+ 30. Kh2 Ng5 31. Rad1 Qf2 32. Rxe6 fxe6 33.
Kh1 Qxc2 34. Qd7 Qe4 35. Qd2 Nxh3 36. Re1 Nf2+ 37. Kg1 Qg4 38. Qe3 Rf6 39. Re2
Nd3 40. Rd2 Qf4 41. Qxf4 Rxf4 42. g3 Rf3 43. Kg2 Ne1+ 44. Kg1 c3 45. Rd1 Nc2
46. Rc1 Nd4 47. Kg2 c2 48. Rxc2 Rxf1 49. Rd2 Nb3 50. Rb2 Ra1 51. Rxb3 Rxa4 52.
Rb7 h6 53. Re7 Ra6 54. Kf3 Kh7 55. Kf4 Kg6 56. Ke5 Ra5+ 57. Kd6 Rd5+ 58. Kxe6
Rd3 59. Ra7 Rxg3 60. Ke5 Rf3 61. Ra6+ Kg5 62. Ke4 Rf6 63. Ra1 h5 64. Rg1+ Kh6
65. Ke5 Ra6 66. Kf5 g6+ 67. Kf4 g5+ 68. Kg3 Ra3+ 0-1

[Event "2. Hrvatska liga zapad 2017."]
[Site "Pula, Gospić, Rijeka"]
[Date "2017.03.25"]
[Round "1.2"]
[White "Mufic, Goran"]
[Black "Grguric, Dragan"]
[Result "1-0"]
[WhiteElo "2215"]
[BlackElo "2006"]
[PlyCount "83"]
[EventDate "2017.03.25"]

1. d4 Nf6 2. Nf3 g6 3. Nbd2 Bg7 4. e4 d6 5. c3 O-O 6. Be2 Nbd7 7. O-O e5 8.
dxe5 Nxe5 9. Nxe5 dxe5 10. Qc2 Qe7 11. Nc4 b6 12. b4 Bb7 13. f3 Nh5 14. Re1
Rfd8 15. a4 a6 16. Be3 Bc8 17. a5 b5 18. Nd2 f5 19. Nb3 fxe4 20. fxe4 Nf4 21.
Bf1 Be6 22. Nc5 Bc4 23. Bxc4+ bxc4 24. Qa2 Qf7 25. Rf1 Bf6 26. g3 Nh5 27. Rad1
Rd6 28. Nb7 Rxd1 29. Rxd1 Kh8 30. Nc5 Be7 31. Rf1 Qg8 32. Qa4 Bxc5 33. Bxc5 Qe6
34. Qd1 Nf6 35. Qe2 Rd8 36. Rd1 Rxd1+ 37. Qxd1 Nd7 38. Be3 Qc6 39. Qd5 Qa4 40.
Bh6 Qa1+ 41. Kg2 Qe1 42. Qa8+ 1-0

[Event "2. Hrvatska liga zapad 2017."]
[Site "Pula, Gospić, Rijeka"]
[Date "2017.03.25"]
[Round "1.2"]
[White "Ikica, Ante"]
[Black "Grozdanic, Velin"]
[Result "0-1"]
[WhiteElo "1949"]
[BlackElo "2060"]
[PlyCount "85"]
[EventDate "2017.03.25"]

1. Nf3 Nf6 2. c4 g6 3. Nc3 Bg7 4. g3 O-O 5. Bg2 c6 6. O-O d6 7. d4 Bf5 8. Nh4
Bg4 9. h3 Be6 10. Qd3 Na6 11. e4 Nd7 12. Be3 Nb6 13. b3 d5 14. cxd5 cxd5 15. e5
Qd7 16. Kh2 Nb4 17. Qd2 a5 18. a4 Bf5 19. f4 Rfc8 20. g4 Bc2 21. f5 Bxb3 22.
Rfc1 Nc4 23. Qe2 Nxe3 24. Qxe3 Nc2 25. Rxc2 Bxc2 26. Nxd5 Ra6 27. Ra3 Rc4 28.
Rc3 Rxc3 29. Nxc3 gxf5 30. gxf5 Bxf5 31. Nxf5 Qxf5 32. Nd5 Kf8 33. Be4 Qh5 34.
Nf4 Qg5 35. Qf3 Rb6 36. Ng2 Rb4 37. Qd1 Bh6 38. Qd3 Rb2 39. h4 Qxh4+ 40. Kg1
Qf2+ 41. Kh2 Qh4+ 42. Kg1 Rd2 43. Qb1 0-1

[Event "2. Hrvatska liga zapad 2017."]
[Site "Pula, Gospić, Rijeka"]
[Date "2017.03.25"]
[Round "1.2"]
[White "Safar, Sandro"]
[Black "Bonaca, Dario"]
[Result "1-0"]
[WhiteElo "2086"]
[BlackElo "1931"]
[PlyCount "63"]
[EventDate "2017.03.25"]

1. e4 d5 2. Nc3 d4 3. Nce2 Nc6 4. Ng3 e5 5. Bb5 g6 6. d3 Bg7 7. f4 h5 8. h3 Qh4
9. Qf3 Bd7 10. Qf2 Qe7 11. Bxc6 Bxc6 12. Nf3 O-O-O 13. fxe5 Bxe5 14. Nxe5 Qxe5
15. O-O h4 16. Ne2 f5 17. Bf4 Qg7 18. Bg5 Ne7 19. Bxe7 Qxe7 20. Nxd4 Bd7 21.
exf5 gxf5 22. Rae1 Qg5 23. Ne6 Bxe6 24. Rxe6 Kb8 25. Qxf5 Qg7 26. Qe5 Qd7 27.
Re7 Qc6 28. Rff7 Qb6+ 29. Kh1 Ka8 30. Qxc7 Qxb2 31. Qxb7+ Qxb7 32. Rxb7 1-0

[Event "2. Hrvatska liga zapad 2017."]
[Site "Pula, Gospić, Rijeka"]
[Date "2017.03.25"]
[Round "1.2"]
[White "Ghersinich, Giuseppe"]
[Black "Dujic, Marko"]
[Result "0-1"]
[WhiteElo "1848"]
[BlackElo "1878"]
[PlyCount "120"]
[EventDate "2017.03.25"]

1. d4 d5 2. Nf3 Nf6 3. c4 c6 4. Qc2 dxc4 5. Qxc4 Qd5 6. Qc2 Bf5 7. Qd1 e6 8. a3
c5 9. Nc3 Qd8 10. Bg5 Be7 11. e3 O-O 12. Be2 Nc6 13. dxc5 Qxd1+ 14. Rxd1 Bxc5
15. Nh4 Ne4 16. Nxe4 Bxe4 17. Nf3 f6 18. Bh4 Rfd8 19. O-O Bb6 20. Bc4 Kf7 21.
Bg3 Ne7 22. Bb3 Bd3 23. Rfe1 Ba5 24. Nd4 Bxe1 25. Nxe6 Rd5 26. Nc7 Bc2 27.
Bxd5+ Nxd5 28. Rxd5 Rc8 29. Kf1 Bxf2 30. Kxf2 Ba4 31. Ra5 Bc6 32. Rxa7 Rd8 33.
b4 Rd2+ 34. Ke1 Rxg2 35. b5 Be4 36. a4 Rg1+ 37. Kd2 Rg2+ 38. Kc3 h5 39. Kd4 Bf3
40. a5 h4 41. Bd6 Rd2+ 42. Kc5 Rc2+ 43. Kb6 Rd2 44. Bg3 hxg3 45. hxg3 Rd6+ 46.
Kc5 Rd7 47. b6 Ke7 48. a6 bxa6 49. Nd5+ Bxd5 50. Rxd7+ Kxd7 51. Kxd5 a5 52. Kc5
a4 53. Kb4 Kc6 54. b7 Kxb7 55. Kxa4 Kc6 56. Kb4 Kd5 57. Kc3 Ke4 58. Kd2 Kf3 59.
Kd3 Kxg3 60. Ke2 g5 0-1

[Event "2. Hrvatska liga zapad 2017."]
[Site "Pula, Gospić, Rijeka"]
[Date "2017.03.25"]
[Round "1.3"]
[White "Jurkovic, Ante"]
[Black "Jurman, Roberto"]
[Result "1-0"]
[WhiteElo "2283"]
[BlackElo "2156"]
[PlyCount "109"]
[EventDate "2017.03.25"]

1. e4 e6 2. d4 d5 3. Nd2 dxe4 4. Nxe4 Bd7 5. Nf3 Bc6 6. Bd3 Bxe4 7. Bxe4 c6 8.
c3 Be7 9. Bc2 Nd7 10. Qe2 Qc7 11. O-O Ngf6 12. Bg5 O-O 13. Rad1 Rfe8 14. Ne5
Rad8 15. f4 g6 16. Rde1 Nf8 17. Qf2 a6 18. Kh1 N6d7 19. Ng4 f5 20. Bxe7 Rxe7
21. Ne5 Nf6 22. h3 Qa5 23. a3 Qd5 24. Kh2 Kg7 25. Re3 Qd6 26. Qh4 Rc7 27. Re2
Qe7 28. Qf2 N8d7 29. Nf3 h6 30. Rfe1 Nf8 31. Kh1 Qd6 32. Ne5 Qe7 33. g4 Qd6 34.
Qg3 fxg4 35. hxg4 Ng8 36. Kh2 Ne7 37. Nd3 Nd5 38. Re5 Rf7 39. Bb3 b6 40. Bxd5
exd5 41. Qe3 Nd7 42. Re6 Qc7 43. Kh3 Rdf8 44. f5 Rf6 45. Re7+ R8f7 46. Nf4 Qd6
47. Nxg6 h5 48. Qg5 hxg4+ 49. Kxg4 Qh2 50. Nf4+ Kh8 51. Rxf7 Rxf7 52. Re8+ Nf8
53. Ng6+ Kh7 54. Nxf8+ Rxf8 55. Re7+ 1-0

[Event "2. Hrvatska liga zapad 2017."]
[Site "Pula, Gospić, Rijeka"]
[Date "2017.03.25"]
[Round "1.3"]
[White "Jurman, Pjerino"]
[Black "Kaps, Darja"]
[Result "1-0"]
[WhiteElo "1980"]
[BlackElo "2201"]
[PlyCount "161"]
[EventDate "2017.03.25"]

1. d4 f5 2. c4 Nf6 3. Nf3 g6 4. g3 Bg7 5. Bg2 O-O 6. Nc3 d6 7. O-O c6 8. b3 Ne4
9. Bb2 Nxc3 10. Bxc3 c5 11. Qc2 Nc6 12. Rad1 cxd4 13. Nxd4 Nxd4 14. Bxd4 Bxd4
15. Rxd4 Qb6 16. Rfd1 Be6 17. e4 f4 18. Qe2 Rf6 19. g4 f3 20. Bxf3 Raf8 21.
R4d3 Qc5 22. h3 Qe5 23. Rf1 h5 24. Bg2 hxg4 25. hxg4 Rf4 26. f3 Kg7 27. Qe3 b6
28. Qd4 Kf6 29. Rfd1 g5 30. Qxe5+ Kxe5 31. Kh2 Rh8+ 32. Kg3 a5 33. Rc3 Rff8 34.
Rcc1 Rh6 35. Rh1 Rfh8 36. Rhd1 Rf8 37. a3 Rc8 38. Bf1 Rh1 39. Be2 Rxd1 40. Rxd1
Rh8 41. a4 Rh7 42. Rb1 Kd4 43. b4 Ke3 44. Bf1 Rf7 45. Rb3+ Kd4 46. bxa5 bxa5
47. Rb5 Ke3 48. Bg2 Bxc4 49. Rxa5 e5 50. Ra8 Be2 51. Rc8 Ra7 52. Rc3+ Kd4 53.
Rc6 Ra6 54. Rc2 Ke3 55. Ra2 Ra5 56. Ra3+ Kd4 57. Kf2 Ba6 58. Bf1 Bxf1 59. Kxf1
d5 60. exd5 Kxd5 61. Kf2 e4 62. Ke3 exf3 63. Kxf3 Kd4 64. Re3 Ra8 65. Re4+ Kd5
66. Rb4 Ke6 67. Ke4 Ra5 68. Rb6+ Kf7 69. Rb4 Ke6 70. Rd4 Kf6 71. Kd3 Ra8 72.
Kc3 Ke5 73. Kd3 Kf6 74. Re4 Rd8+ 75. Kc3 Rd1 76. a5 Ra1 77. Kb4 Kf7 78. Kb5 Kf6
79. a6 Rb1+ 80. Kc6 Rc1+ 81. Kb5 1-0

[Event "2. Hrvatska liga zapad 2017."]
[Site "Pula, Gospić, Rijeka"]
[Date "2017.03.25"]
[Round "1.3"]
[White "Juranic, Bruno"]
[Black "Crnkovic, Zdravko"]
[Result "0-1"]
[WhiteElo "2174"]
[BlackElo "2011"]
[PlyCount "66"]
[EventDate "2017.03.25"]

1. e4 e5 2. Nf3 Nc6 3. Bc4 Be7 4. O-O Nf6 5. Re1 O-O 6. d3 d6 7. c3 Bg4 8. Nbd2
Na5 9. b4 Nxc4 10. Nxc4 c6 11. Ne3 Qd7 12. Nxg4 Qxg4 13. h3 Qd7 14. d4 Qc7 15.
Nh4 Ne8 16. Nf5 Bf6 17. f4 g6 18. Nh6+ Kh8 19. Ng4 Bg7 20. fxe5 dxe5 21. Nxe5
Bxe5 22. dxe5 Rd8 23. Qb3 Qxe5 24. Be3 Kg8 25. Bxa7 Rd2 26. Rad1 Qg3 27. Rxd2
Qxe1+ 28. Kh2 Qxd2 29. Bd4 Qf4+ 30. Kg1 Nc7 31. c4 Ne6 32. Be3 Qxe4 33. Qc3 Rd8
0-1

[Event "2. Hrvatska liga zapad 2017."]
[Site "Pula, Gospić, Rijeka"]
[Date "2017.03.25"]
[Round "1.3"]
[White "Fattorich, Igor"]
[Black "Racki, Barbara"]
[Result "1-0"]
[WhiteElo "1939"]
[BlackElo "1896"]
[PlyCount "71"]
[EventDate "2017.03.25"]

1. d4 Nf6 2. Nf3 d6 3. Nc3 Nbd7 4. e4 e5 5. Bg5 c6 6. Bc4 Be7 7. O-O O-O 8. Bb3
a6 9. a4 b6 10. Qe2 Qc7 11. Rfe1 Bb7 12. Rad1 b5 13. axb5 axb5 14. d5 b4 15.
dxc6 Bxc6 16. Bxf6 Nxf6 17. Nd5 Nxd5 18. Bxd5 Bxd5 19. Rxd5 Rfc8 20. Rb5 Qxc2
21. Rxb4 f6 22. Rb7 Qxe2 23. Rxe2 Bd8 24. h3 Ra1+ 25. Kh2 Kf8 26. Nh4 Rac1 27.
Nf5 Bc7 28. Rd2 g6 29. Ne3 Rc6 30. b4 h5 31. Nd5 Bd8 32. f3 f5 33. Ra2 f4 34.
Raa7 Rc2 35. Rf7+ Ke8 36. Rh7 1-0

[Event "2. Hrvatska liga zapad 2017."]
[Site "Pula, Gospić, Rijeka"]
[Date "2017.03.25"]
[Round "1.3"]
[White "Starcevic, Andrea"]
[Black "Ugulin, Silvano"]
[Result "1-0"]
[WhiteElo "1850"]
[BlackElo "2017"]
[PlyCount "53"]
[EventDate "2017.03.25"]

1. c4 e6 2. Nc3 d5 3. e3 Nf6 4. Nf3 Be7 5. Be2 O-O 6. O-O b6 7. a3 Bb7 8. b4
Nbd7 9. Bb2 Re8 10. Rc1 c5 11. b5 Qc7 12. Qb3 Bd6 13. h3 Rad8 14. d4 dxc4 15.
Qxc4 Qb8 16. Rfd1 cxd4 17. Nxd4 Ne5 18. Qa2 Qa8 19. Bf1 Ne4 20. Nxe4 Bxe4 21.
Qa1 f6 22. Rd2 Bd5 23. Rcd1 Qb8 24. Qb1 Qc7 25. e4 Ba8 26. Qa2 Qe7 27. Nf5 1-0

[Event "2. Hrvatska liga zapad 2017."]
[Site "Pula, Gospić, Rijeka"]
[Date "2017.03.25"]
[Round "1.3"]
[White "Dragic, Marko"]
[Black "Sepic, Ante"]
[Result "1/2-1/2"]
[WhiteElo "1687"]
[BlackElo "1874"]
[PlyCount "62"]
[EventDate "2017.03.25"]

1. d4 d5 2. Bg5 Bf5 3. Nf3 h6 4. Bh4 Nf6 5. Bxf6 exf6 6. e3 Bg4 7. Nbd2 c6 8.
Be2 Nd7 9. O-O Bd6 10. c4 dxc4 11. Bxc4 Nb6 12. h3 Bxf3 13. gxf3 Qd7 14. Kg2
Qf5 15. Rh1 Nxc4 16. Nxc4 Qg5+ 17. Kf1 Qb5 18. b3 Bc7 19. Qd3 O-O-O 20. Nb2
Qxd3+ 21. Nxd3 f5 22. Kg2 Rhe8 23. a4 h5 24. b4 h4 25. b5 Re6 26. bxc6 Rg6+ 27.
Kf1 Rxc6 28. Ke2 Rc2+ 29. Kd1 Rc3 30. Ke2 Rc2+ 31. Kd1 Rc3 1/2-1/2

[Event "2. Hrvatska liga zapad 2017."]
[Site "Pula, Gospić, Rijeka"]
[Date "2017.03.25"]
[Round "1.4"]
[White "Bulic, Josip"]
[Black "Cucancic, Sinisa"]
[Result "1-0"]
[WhiteElo "2286"]
[BlackElo "2232"]
[PlyCount "59"]
[EventDate "2017.03.25"]

1. d4 d5 2. c4 dxc4 3. Nf3 a6 4. a4 c5 5. e3 cxd4 6. Bxc4 Qc7 7. Qb3 e6 8. Nxd4
Nc6 9. Nxc6 bxc6 10. O-O Nf6 11. Nc3 Bd6 12. h3 Rb8 13. Qc2 Nd5 14. Ne4 Be7 15.
Qe2 O-O 16. Bxa6 Bxa6 17. Qxa6 Rb4 18. Qd3 Rfb8 19. Qc2 c5 20. Rd1 Qc6 21. a5
Nxe3 22. Bxe3 Rxe4 23. a6 Reb4 24. Rdc1 Qa8 25. Bxc5 Rxb2 26. Qc3 Bxc5 27. Qxc5
h6 28. a7 Rd8 29. Qc7 Rbd2 30. Rcb1 1-0

[Event "2. Hrvatska liga zapad 2017."]
[Site "Pula, Gospić, Rijeka"]
[Date "2017.03.25"]
[Round "1.4"]
[White "Krkljes, Slaven"]
[Black "Bulic, Domagoj"]
[Result "1-0"]
[WhiteElo "2196"]
[BlackElo "2238"]
[PlyCount "47"]
[EventDate "2017.03.25"]

1. e4 c6 2. c4 e6 3. d4 d5 4. Nc3 dxe4 5. Nxe4 Bb4+ 6. Nc3 Nf6 7. Nf3 Ne4 8.
Qc2 Nxc3 9. bxc3 Be7 10. Bd3 h6 11. h4 Nd7 12. Rh3 c5 13. Bf4 Bf6 14. Kf1 O-O
15. Rg3 Kh8 16. Qe2 h5 17. Ne5 g6 18. Nxg6+ fxg6 19. Rxg6 Rf7 20. Qxh5+ Rh7 21.
Rh6 Rxh6 22. Qxh6+ Kg8 23. Qh7+ Kf8 24. Bh6+ 1-0

[Event "2. Hrvatska liga zapad 2017."]
[Site "Pula, Gospić, Rijeka"]
[Date "2017.03.25"]
[Round "1.4"]
[White "Levar, Nenad"]
[Black "Barcal, Aleksandar"]
[Result "1-0"]
[WhiteElo "1997"]
[BlackElo "2021"]
[PlyCount "89"]
[EventDate "2017.03.25"]

1. Nf3 d5 2. d4 Nf6 3. c4 e6 4. Nc3 dxc4 5. Qa4+ c6 6. Qxc4 Qa5 7. Bd2 Bb4 8.
a3 Bxc3 9. Bxc3 Qd5 10. Qxd5 exd5 11. Bd2 O-O 12. Bf4 Nbd7 13. e3 Re8 14. h3
Nf8 15. Bd3 Ng6 16. Bh2 Ne4 17. Nd2 f5 18. f3 Nf6 19. Kf2 Be6 20. b4 a6 21. Nb3
Nd7 22. Nc5 Nxc5 23. bxc5 Rad8 24. Rab1 Bc8 25. Bd6 Nf8 26. g4 g6 27. gxf5 gxf5
28. Rhg1+ Kf7 29. h4 Ng6 30. h5 Ne7 31. Bc7 Rd7 32. Be5 Rg8 33. Rxg8 Kxg8 34.
Rg1+ Kf8 35. Rg7 Ng8 36. Rg5 Rf7 37. Kg3 Ne7 38. Kf4 h6 39. Rg1 Ke8 40. Bd6 Kd7
41. Bxe7 Kxe7 42. Rg8 Be6 43. Ke5 f4 44. exf4 Rxf4 45. Rg6 1-0

[Event "2. Hrvatska liga zapad 2017."]
[Site "Pula, Gospić, Rijeka"]
[Date "2017.03.25"]
[Round "1.4"]
[White "Kovacevic, Matija"]
[Black "Jokic, Miljenko"]
[Result "1-0"]
[WhiteElo "2000"]
[BlackElo "1855"]
[PlyCount "102"]
[EventDate "2017.03.25"]

1. d4 Nf6 2. Nf3 d5 3. g3 Bf5 4. Bg2 c6 5. O-O e6 6. c4 dxc4 7. Ne5 Be7 8. Nc3
O-O 9. e4 Bg6 10. Nxc4 Nbd7 11. a4 Rc8 12. Qe2 Nb6 13. Rd1 Nxc4 14. Qxc4 Qa5
15. Bd2 Bb4 16. Qb3 Rfd8 17. e5 Nd7 18. Bg5 Re8 19. Na2 Be7 20. Bxe7 Rxe7 21.
Qxb7 Rb8 22. Qxc6 Nf8 23. b4 Qd8 24. Rac1 f6 25. exf6 gxf6 26. d5 Be8 27. Qc2
e5 28. d6 Rg7 29. b5 Bg6 30. Qb3+ Kh8 31. Nb4 Rb6 32. Nc6 Qd7 33. a5 Rb7 34.
Qf3 Rxb5 35. Qxf6 Qf7 36. Qxf7 Rxf7 37. a6 e4 38. Ne7 Ne6 39. Nxg6+ hxg6 40.
Bxe4 Kg7 41. Bd5 Kf6 42. Bxe6 Kxe6 43. d7 Rxd7 44. Rc6+ Ke7 45. Rxd7+ Kxd7 46.
Rxg6 Kc7 47. h4 Rb6 48. Rxb6 axb6 49. Kf1 b5 50. Ke2 Kb6 51. h5 b4 1-0

[Event "2. Hrvatska liga zapad 2017."]
[Site "Pula, Gospić, Rijeka"]
[Date "2017.03.25"]
[Round "1.5"]
[White "Mandekic, Ivan"]
[Black "Crepan, Marjan"]
[Result "1-0"]
[WhiteElo "2208"]
[BlackElo "2311"]
[PlyCount "59"]
[EventDate "2017.03.25"]

1. c4 Nf6 2. g3 c6 3. Bg2 d5 4. Nf3 Bf5 5. cxd5 cxd5 6. Qb3 Qc8 7. Nc3 e6 8. d3
Nc6 9. Bf4 Nd7 10. Rc1 Nc5 11. Qd1 Qd8 12. O-O Be7 13. Na4 Nd7 14. Qb3 Na5 15.
Qc2 Nc6 16. e4 Bg6 17. exd5 exd5 18. Rfe1 O-O 19. Qb3 Nb4 20. Rxe7 Qxe7 21. Re1
Qd8 22. Qxb4 Bxd3 23. Nc3 Nb6 24. Qd4 Bf5 25. a4 Be6 26. Ng5 Rc8 27. b3 Qf6 28.
Nb5 a6 29. Qxb6 axb5 30. Nxe6 1-0

[Event "2. Hrvatska liga zapad 2017."]
[Site "Pula, Gospić, Rijeka"]
[Date "2017.03.25"]
[Round "1.5"]
[White "Tomljanovic, Goran"]
[Black "Karabaic, Ivan"]
[Result "1/2-1/2"]
[WhiteElo "2052"]
[BlackElo "2170"]
[PlyCount "73"]
[EventDate "2017.03.25"]

1. d4 Nf6 2. c4 e6 3. Nc3 Bb4 4. Qc2 O-O 5. Bg5 h6 6. Bh4 c5 7. e3 cxd4 8. exd4
Nc6 9. Rd1 d5 10. Nf3 Bd7 11. Be2 dxc4 12. O-O Be7 13. Bxc4 Rc8 14. a3 Nd5 15.
Bxd5 Bxh4 16. Ba2 Bf6 17. Qd3 Ne7 18. Ne4 Nd5 19. Ne5 Ba4 20. b3 Bc6 21. Bb1 g6
22. Qg3 Bg7 23. Rfe1 Ne7 24. Nc5 Bd5 25. h4 h5 26. Ncd7 Re8 27. Rc1 Rxc1 28.
Rxc1 Bc6 29. Qf4 Nf5 30. Bxf5 exf5 31. Nxc6 Qxd7 32. Ne5 Qd5 33. Nf3 Qxb3 34.
Rc7 b5 35. Rxa7 Bf6 36. Qc7 Kg7 37. Qb7 1/2-1/2

[Event "2. Hrvatska liga zapad 2017."]
[Site "Pula, Gospić, Rijeka"]
[Date "2017.03.25"]
[Round "1.5"]
[White "Monjac, Mislav"]
[Black "Prpic, Ivan"]
[Result "1-0"]
[WhiteElo "2197"]
[BlackElo "1959"]
[PlyCount "127"]
[EventDate "2017.03.25"]

1. e4 c5 2. Nf3 e6 3. d3 b5 4. g3 Nf6 5. Bg2 Bb7 6. O-O Be7 7. e5 Nd5 8. c4
bxc4 9. dxc4 Nb6 10. b3 Qc7 11. Nc3 a6 12. Re1 O-O 13. Bf4 h6 14. h4 Rd8 15.
Ne4 Bxe4 16. Rxe4 d5 17. exd6 Bxd6 18. Bd2 Nc6 19. Qe2 Rac8 20. Bc3 Nd7 21. Bh3
Be7 22. Rxe6 fxe6 23. Qxe6+ Kf8 24. h5 Qd6 25. Qxd6 Bxd6 26. Rd1 Nde5 27. Bxc8
Nxf3+ 28. Kg2 Rxc8 29. Rxd6 Ng5 30. Rg6 Nd4 31. Rxa6 Ne4 32. Ba5 Nf6 33. Bc3
Nxh5 34. Bxd4 cxd4 35. Rd6 Ra8 36. Rxd4 Rxa2 37. Rd8+ Ke7 38. Rb8 Rc2 39. Kf3
Nf6 40. Rb7+ Nd7 41. Ke3 Kd6 42. Rb5 Kc6 43. Kf3 Nc5 44. Rb8 Rc3+ 45. Kg4 Rxb3
46. Rxb3 Nxb3 47. Kh5 Nd4 48. Kg6 Ne6 49. f4 Kd6 50. f5 Nd4 51. g4 Ke5 52. c5
h5 53. gxh5 Nxf5 54. c6 Ne7+ 55. Kxg7 Nf5+ 56. Kg6 Ne7+ 57. Kf7 Nxc6 58. h6
Nd8+ 59. Ke7 Nc6+ 60. Kf8 Ke6 61. h7 Ne7 62. Kg7 Nf5+ 63. Kg6 Ne7+ 64. Kh5 1-0